Joueurs de football les plus chèrs par poste - Statistiques

Statistiques générales
  • Ce quiz a été pris 331 fois
  • Le résultat moyen est 24 sur 40
Statistiques - réponses
Numéro par poste Poste Joueur Club Prix % Correct
Numéro 3 Attaquant Kylian Mbappé Réal Madrid 150,00 Mio €
100%
Numéro 2 Attaquant Vinicius Jr Réal Madrid 200,00 Mio €
97%
Numéro 1 Attaquant Erling Haaland Manchester City 200,00 Mio €
95%
Numéro 4 Attaquant Lamine Yamal FC Barcelone 150,00 Mio €
89%
Numéro 6 Attaquant Bukayo Saka Arsenal 140,00 Mio €
83%
Numéro 7 Attaquant Rodrygo Réal Madrid 110,00 Mio €
83%
Numéro 9 Attaquant Harry Kane Bayern Munich 100,00 Mio €
82%
Numéro 1 Milieu Jude Bellingham Réal Madrid 180,00 Mio €
81%
Numéro 5 Attaquant Phil Foden Manchester City 150,00 Mio €
80%
Numéro 8 Milieu Eduardo Camavinga Réal Madrid 100,00 Mio €
79%
Numéro 8 Attaquant Lautaro Martinez Inter Milan 110,00 Mio €
79%
Numéro 9 Milieu Aurélien Tchouameni Réal Madrid 100,00 Mio €
78%
Numéro 5 Milieu Rodri Manchester City 130,00 Mio €
78%
Numéro 2 Milieu Florian Wirtz Bayer Leverkusen 130,00 Mio €
73%
Numéro 4 Milieu Frederico Valverde Réal Madrid 130,00 Mio €
72%
Numéro 3 Milieu Jamal Musiala Bayern Munich 130,00 Mio €
72%
Numéro 1 Defenseur William Saliba Arsenal 80,00 Mio €
72%
Numéro 10 Milieu Gavi FC Barcelone 90,00 Mio €
71%
Numéro 6 Milieu Declan Rice Arsenal 120,00 Mio €
66%
Numéro 2 Defenseur Ruben Dias Manchester City 80,00 Mio €
64%
Numéro 8 Gardien Ederson Manchester City 35,00 Mio €
58%
Numéro 5 Gardien Mike Maignan AC Milan 38,00 Mio €
57%
Numéro 3 Defenseur Josko Gvardiol Manchester City 75,00 Mio €
56%
Numéro 10 Defenseur Eder Militao Réal Madrid 60,00 Mio €
53%
Numéro 9 Gardien André Onana Manchester United 35,00 Mio €
52%
Numéro 3 Gardien Gianluigi Donnarumma Paris Saint Germain 40,00 Mio €
50%
Numéro 5 Defenseur Ronald Araujo FC Barcelone 70,00 Mio €
49%
Numéro 7 Milieu Martin Ødegaard Arsenal 110,00 Mio €
45%
Numéro 7 Gardien David Raya Arsenal 35,00 Mio €
44%
Numéro 4 Gardien Gregor Kobel Borussia Dortmund 40,00 Mio €
44%
Numéro 6 Defenseur Alessandro Bastoni Inter Milan 70,00 Mio €
41%
Numéro 10 Attaquant Khvicha Kvaratskhelia SSC Napoli 80,00 Mio €
40%
Numéro 7 Defenseur Trent Alexander-Arnold Liverpool 70,00 Mio €
39%
Numéro 10 Gardien Unai Simon Athletic Bilbao 30,00 Mio €
36%
Numéro 9 Defenseur Bremer Juventus 60,00 Mio €
33%
Numéro 2 Gardien Diogo Costa FC Porto 45,00 Mio €
31%
Numéro 8 Defenseur Cristian Romero Tottenham 65,00 Mio €
30%
Numéro 6 Gardien Guglielmo Vicario Tottenham 35,00 Mio €
27%
Numéro 1 Gardien Giorgi Mamardashvili FC Valencia 45,00 Mio €
25%
Numéro 4 Defenseur Gabriel Magalhaes Arsenal 75,00 Mio €
11%
Aucun quiz correspondant
Distribution des résultats
% des personnes avec chaque résultat
Percentile par nombre de réponses
Votre historique - résultats
Vous n’avez pas pris ce quiz